Design for the real world (Record no. 29517)

MARC details
000 -LEADER
fixed length control field 00322nam a2200133Ia 4500
082 ## - DEWEY DECIMAL CLASSIFICATION NUMBER
Classification number 581.524
Item number PAP
100 ## - MAIN ENTRY--AUTHOR NAME
Personal name Papanek, Victor
245 #0 - TITLE STATEMENT
Title Design for the real world
260 ## - PUBLICATION, DISTRIBUTION, ETC. (IMPRINT)
Place of publication London
Name of publisher Granada
Year of publication 1977
650 ## - SUBJECT ADDED ENTRY--TOPICAL TERM
Topical Term Ecology
650 ## - SUBJECT ADDED ENTRY--TOPICAL TERM
Topical Term Human ecology
942 ## - ADDED ENTRY ELEMENTS (KOHA)
Koha item type Books
Holdings
Withdrawn status Lost status Damaged status Not for loan Home library Current library Date acquired Cost, normal purchase price Full call number Accession Number Koha item type
        RRII Library RRII Library 16/12/2021 1.25 581.524 PAP 10104 Books